Like Father, like Son : (Record no. 125069)
[ view plain ]
| 000 -LEADER | |
|---|---|
| fixed length control field | 01457cam a22003614a 4500 |
| 001 - CONTROL NUMBER | |
| control field | 14177123 |
| 003 - CONTROL NUMBER IDENTIFIER | |
| control field | ARRUPE |
| 005 - DATE AND TIME OF LATEST TRANSACTION | |
| control field | 20160909114520.0 |
| 008 - FIXED-LENGTH DATA ELEMENTS--GENERAL INFORMATION | |
| fixed length control field | 051122r20062005miu b 001 0 eng |
| 010 ## - LIBRARY OF CONGRESS CONTROL NUMBER | |
| LC control number | 2005034316 |
| 020 ## - INTERNATIONAL STANDARD BOOK NUMBER | |
| International Standard Book Number | 0802830668 (pbk. : alk. paper) |
| 020 ## - INTERNATIONAL STANDARD BOOK NUMBER | |
| International Standard Book Number | 9780802830661 (pbk. : alk. paper) |
| 035 ## - SYSTEM CONTROL NUMBER | |
| System control number | (OCoLC)ocm62509068 |
| 035 ## - SYSTEM CONTROL NUMBER | |
| System control number | (OCoLC)62509068 |
| 040 ## - CATALOGING SOURCE | |
| Original cataloging agency | DLC |
| Transcribing agency | DLC |
| Modifying agency | YDX |
| -- | BAKER |
| -- | BTCTA |
| -- | YDXCP |
| -- | DLC |
| 042 ## - AUTHENTICATION CODE | |
| Authentication code | pcc |
| 050 00 - LIBRARY OF CONGRESS CALL NUMBER | |
| Classification number | BT702 |
| Item number | .S63 2006 |
| 082 00 - DEWEY DECIMAL CLASSIFICATION NUMBER | |
| Classification number | 233/.5 |
| Edition number | 22 |
| 300 ## - PHYSICAL DESCRIPTION | |
| Dimensions | 22 cm. |
| 100 1# - MAIN ENTRY--PERSONAL NAME | |
| Personal name | Smail, Thomas Allan, |
| Dates associated with a name | 1928- |
| 9 (RLIN) | 25281 |
| 245 10 - TITLE STATEMENT | |
| Title | Like Father, like Son : |
| Remainder of title | the Trinity imaged in our humanity / |
| Statement of responsibility, etc | Tom Smail. |
| 260 ## - PUBLICATION, DISTRIBUTION, ETC. (IMPRINT) | |
| Place of publication, distribution, etc | Grand Rapids, Mich. : |
| Name of publisher, distributor, etc | W.B. Eerdmans Pub. Co., |
| Date of publication, distribution, etc | 2006. |
| 300 ## - PHYSICAL DESCRIPTION | |
| Extent | xiii, 304 p. ; |
| 500 ## - GENERAL NOTE | |
| General note | Originally published: Paternoster Press, 2005. |
| 504 ## - BIBLIOGRAPHY, ETC. NOTE | |
| Bibliography, etc | Includes bibliographical references (p. 296-300) and index. |
| 505 0# - FORMATTED CONTENTS NOTE | |
| Formatted contents note | Whose image? -- Biblical image -- God's image -- Human image -- Triune image -- Marred image -- Gendered image -- Incarnate image. |
| 650 #0 - SUBJECT ADDED ENTRY--TOPICAL TERM | |
| Topical term or geographic name as entry element | Theological anthropology |
| General subdivision | Christianity. |
| 9 (RLIN) | 25282 |
| 650 #0 - SUBJECT ADDED ENTRY--TOPICAL TERM | |
| Topical term or geographic name as entry element | Trinity. |
| 9 (RLIN) | 25283 |
| 650 #0 - SUBJECT ADDED ENTRY--TOPICAL TERM | |
| Topical term or geographic name as entry element | Image of God. |
| 9 (RLIN) | 1868 |
| 650 #0 - SUBJECT ADDED ENTRY--TOPICAL TERM | |
| Topical term or geographic name as entry element | God (Christianity) |
| 9 (RLIN) | 25284 |
| 906 ## - LOCAL DATA ELEMENT F, LDF (RLIN) | |
| a | 7 |
| b | cbc |
| c | orignew |
| d | 1 |
| e | ecip |
| f | 20 |
| g | y-gencatlg |
| 942 ## - ADDED ENTRY ELEMENTS (KOHA) | |
| Source of classification or shelving scheme | Library of Congress Classification |
| Koha item type | Monograph ( Printed materials) |
| Withdrawn status | Lost status | Source of classification or shelving scheme | Damaged status | Not for loan | Collection code | Home library | Current library | Shelving location | Date acquired | Total Checkouts | Full call number | Barcode | Date last seen | Price effective from | Koha item type |
|---|---|---|---|---|---|---|---|---|---|---|---|---|---|---|---|
| Library of Congress Classification | Main Collection | ARRUPE LIBRARY | ARRUPE LIBRARY | Main Collection | 23/08/2016 | BT702 .S63 2006 | 46500010298 | 23/08/2016 | 23/08/2016 | Monograph ( Printed materials) |